000 00668nam a2200217Ia 4500
005 20230802110248.0
008 131103s9999 xx 000 0 und d
040 _aLoreto College
041 _aEnglish
082 _a551.4
_bLON
100 _aLongwell , Chester R
245 _aIntroduction to Physical geology
_cChester R Longwell and Richard Foster Flint
260 _aNewYork
_bJohn Willey
_c1955
300 _avii , 432p
_b ill. figures
504 _aIncludes bibliographical references , appendix and index
650 _aGeomorphology
651 _aGeology - Geomorphology ,Hydrology
700 _aFlint ,Richard Foster
850 _aLCLIB
942 _cBK
999 _c256
_d50735